| 000 | 00356 a2200157 4500 | ||
|---|---|---|---|
| 001 | 161677 | ||
| 020 | _a | ||
| 040 | _cMagnum | ||
| 100 | _aWitter, Jose Sebastiao | ||
| 240 | 1 | 0 |
_aBreve historia do futebol brasileiro _lpor |
| 245 | 1 | 0 | _aBreve historia do futebol brasileiro |
| 362 | 0 | _a1899 | |
| 440 | 1 | _aFTD | |
| 697 | _aPARADIDATICO | ||
| 942 | _cBK | ||
| 999 |
_c161677 _d161677 |
||